ბათუმის შოთა რუსთაველის სახელმწიფო უნივერსიტეტის ბიბლიოთეკა

Врач. №12. 2013.Декабрь (ბიბ.ჩანაწერი № 42015)

000 -LEADER
fixed length control field 00501nam a2200181Ia 4500
001 - CONTROL NUMBER
control field 8701
003 - CONTROL NUMBER IDENTIFIER
control field GE_BSU
008 - FIXED-LENGTH DATA ELEMENTS--GENERAL INFORMATION
fixed length control field 181216s||||||||xx |||||||||||||| ||und||
040 ## - CATALOGING SOURCE
Transcribing agency GE_BSU
245 ## - TITLE STATEMENT
Title Врач. №12. 2013.Декабрь
245 ## - TITLE STATEMENT
Remainder of title Ежемесячн.научно-практич.ипублицистич. журнал
245 ## - TITLE STATEMENT
Statement of responsibility, etc. Гл.ред. И.Н. Денисов
260 ## - PUBLICATION, DISTRIBUTION, ETC.
Place of publication, distribution, etc. Москва
260 ## - PUBLICATION, DISTRIBUTION, ETC.
Date of publication, distribution, etc. 2013
300 ## - PHYSICAL DESCRIPTION
Extent 88стр.29см.
653 ## - INDEX TERM--UNCONTROLLED
Uncontrolled term Врач
942 ## - ADDED ENTRY ELEMENTS (KOHA)
Koha item type პერიოდიკა
ეგზემპლარები
Withdrawn status Lost status Damaged status Not for loan Date acquired Barcode Date last seen Price effective from Koha item type
        2018-12-17 p76077 2018-12-17 2018-12-17 პერიოდიკა